Transformaciones socioeconómicas y ambientales de Orosi (Registro nro. 3402)
[ vista simple ]
| 000 -CABECERA | |
|---|---|
| campo de control de longitud fija | 00805aam a2200289 4500 |
| 005 - FECHA Y HORA DE ACTUALIZACIÓN | |
| campo de control | 20161025132352.0 |
| 008 - LONGITUD FIJA | |
| campo de control de longitud fija | 150226b xxu||||| |||| 00| 0 eng d |
| 041 ## - IDIOMA | |
| Código de idioma del texto/pista de sonido o título separado | |
| 082 ## - CLASIFICACIÓN DECIMAL DEWEY | |
| Número de clasificación | 972.862 C352t |
| 100 ## - AUTOR PERSONAL | |
| Nombre de persona | Castillo Hernández, Elena |
| 245 ## - TÍTULO PROPIAMENTE DICHO | |
| Título | Transformaciones socioeconómicas y ambientales de Orosi |
| 260 ## - PIE DE IMPRENTA | |
| Lugar de publicación, distribución, etc. | Costa Rica |
| Nombre del editor, distribuidor, etc. | Alma Mater |
| Fecha de publicación, distribución, etc. | 2007 |
| 300 ## - DESCRIPCIÓN FÍSICA | |
| Extensión | 90 páginas |
| 650 ## - Materia General | |
| Materia general | COSTA RICA |
| 650 ## - Materia General | |
| Materia general | HISTORIA |
| 650 ## - Materia General | |
| Materia general | OROSI |
| 650 ## - Materia General | |
| Materia general | CARTAGO |
| 650 ## - Materia General | |
| Materia general | PARAÍSO |
| 650 ## - Materia General | |
| Materia general | SOCIOECONOMÍA |
| 650 ## - Materia General | |
| Materia general | AMBIENTE |
| 650 ## - Materia General | |
| Materia general | DEMOGRAFÍA |
| 650 ## - Materia General | |
| Materia general | BIENES Y SERVICIOS |
| 650 ## - Materia General | |
| Materia general | EDUCACIÓN |
| 650 ## - Materia General | |
| Materia general | FAMILIA |
| 650 ## - Materia General | |
| Materia general | TURISMO COMUNITARIO |
| 942 ## - Punto de Acceso Adicional Koha | |
| Tipo de ítem Koha | Libro |
| Estado perdido | Estado dañado | No para préstamo | Biblioteca permanente | Biblioteca actual | Signatura completa | Código de barras | Precio efectivo a partir del | Tipo de ítem |
|---|---|---|---|---|---|---|---|---|
| Departamento de Biblioteca y Documentación Alfonso Chase Brenes | Departamento de Biblioteca y Documentación Alfonso Chase Brenes | 972.862 C352t | 12474 | 03/08/2016 | Libro | |||
| Departamento de Biblioteca y Documentación Alfonso Chase Brenes | Departamento de Biblioteca y Documentación Alfonso Chase Brenes | 972.862 C352t | 16991 | 03/08/2016 | Libro | |||
| Departamento de Biblioteca y Documentación Alfonso Chase Brenes | Departamento de Biblioteca y Documentación Alfonso Chase Brenes | 972.862 C352t | 16046 | 03/08/2016 | Libro | |||
| Departamento de Biblioteca y Documentación Alfonso Chase Brenes | Departamento de Biblioteca y Documentación Alfonso Chase Brenes | 972.862 C352t | 18193 | 03/08/2016 | Libro |